LEADER 01183nam--2200397---450- 001 990003543010203316 005 20110627095453.0 035 $a000354301 035 $aUSA01000354301 035 $a(ALEPH)000354301USA01 035 $a000354301 100 $a20110622d1944----km-y0itay50------ba 101 0 $aita 102 $aIT 105 $aa|||||||001yy 200 1 $aAminta$aMadrigali e ballate$fTasso$gintroduzione e commento di Tommaso Martella 210 $aRoma$cEditoriale romana$d1944 215 $a213 p.$c1 ritratto$d19 cm 225 2 $aGrandi scrittori d'ogni tempo 225 2 $aAlfa$v5 410 0$12001$aGrandi scrittori d'ogni tempo 410 0$12001$aAlfa$v5 676 $a852.4 700 1$aTASSO,$bTorquato$f<1544-1595>$0158668 702 1$aMARTELLA,$bTommaso 801 0$aIT$bsalbc$gISBD 912 $a990003543010203316 951 $aXV.2.A. 90$b486 F.C.$cXV.2.A. 959 $aBK 969 $aCUOMO 979 $aDIONIGI$b90$c20110622$lUSA01$h1223 979 $aDIONIGI$b90$c20110623$lUSA01$h1249 979 $aANNAMARIA$b90$c20110627$lUSA01$h0954 996 $aMadrigali e ballate$91113563 996 $aAminta$9485762 997 $aUNISA LEADER 03466nam 22005894a 450 001 996211780303316 005 20230607220458.0 010 $a1405140070 010 $a1-280-19718-8 010 $a9786610197187 010 $a0-470-70880-8 010 $a1-4051-4007-0 010 $a0-470-98701-4 035 $a(CKB)1000000000239403 035 $a(EBL)228573 035 $a(OCoLC)475936750 035 $a(SSID)ssj0000174763 035 $a(PQKBManifestationID)11153872 035 $a(PQKBTitleCode)TC0000174763 035 $a(PQKBWorkID)10188547 035 $a(PQKB)11420475 035 $a(MiAaPQ)EBC228573 035 $a(EXLCZ)991000000000239403 100 $a20011108d2002 uy 0 101 0 $aeng 135 $aur|n|---||||| 181 $2rdacontent 182 $2rdamedia 183 $2rdacarrier 200 10$aHuman blood groups$b[electronic resource] /$fGeoff Daniels ; foreword by Ruth Sanger 205 $a2nd ed. 210 $aMalden, MA $cBlackwell Science$d2002 215 $a1 online resource (572 p.) 300 $aDescription based upon print version of record. 311 $a0-632-05646-0 320 $aIncludes bibliographical references and index. 327 $aHuman Blood Groups; Contents; Foreword; Preface; Some abbreviations used; 1 Human blood groups:introduction, terminology,and function; 2 ABO,Hh,and Lewis systems; Part 1:History and introduction,7; Part 2:Biochemistry,inheritance,and biosynthesis of the ABH and Lewis antigens,9; Part 3:ABO,Hh,and secretor systems, 25; Part 4:Lewis system,59; Part 5:Tissue distribution,disease associations,and functional aspects,67; 3 MNS blood group system; 4 P blood groups; 5 Rh blood group system; 6 Lutheran blood group system; 7 Kell and Kx blood group systems; 8 Duffy blood group system 327 $a9 Kidd blood group system10 Diego blood group system; 11 Yt blood group system; 12 Xg blood group system; 13 Scianna blood group system and the Radin antigen; 14 Dombrock blood group system; 15 Colton blood group system; 16 LW blood group system; 17 Chido/Rodgers blood group system; 18 Gerbich blood group system; 19 Cromer blood group system; 20 Knops blood group system and the Cost antigens; 21 Indian blood group system and the AnWj antigen; 22 Ok blood group system; 23 RAPH blood group system; 24 JMH blood group system; 25 Ii antigens and cold agglutination; 26 Er antigens 327 $a27 Low frequency antigens28 High frequency antigens; 29 Sid antigens; 30 Human leukocyte associated (HLA)Class I antigens on red cells; 31 Polyagglutination and cryptantigens; 32 Blood group gene mapping; Index 330 $aHuman Blood Groups is a comprehensive and fully referenced text covering scientific and clinical aspects of red cell surface antigens, including:serologyinheritancebiochemistrymolecular geneticsbiological functionsclinical significance in transfusion medicine Over a century has passed since Landsteiner discovered the human blood groups, making the practice of blood transfusion possible. Yet, in the six years since the first edition of Human Blood Groups was published, new blood groups have been dis 606 $aBlood groups 615 0$aBlood groups. 676 $a612.1 676 $a612.11825 700 $aDaniels$b Geoff$0870782 801 0$bMiAaPQ 801 1$bMiAaPQ 801 2$bMiAaPQ 906 $aBOOK 912 $a996211780303316 996 $aHuman blood groups$92126758 997 $aUNISA LEADER 04067 am 2200757 n 450 001 9910320752703321 005 20180507 010 $a2-7535-5720-9 024 7 $a10.4000/books.pur.55306 035 $a(CKB)4100000008048234 035 $a(FrMaCLE)OB-pur-55306 035 $a(oapen)https://directory.doabooks.org/handle/20.500.12854/44123 035 $a(PPN)267957041 035 $a(EXLCZ)994100000008048234 100 $a20190429j|||||||| ||| 0 101 0 $afre 135 $auu||||||m|||| 181 $ctxt$2rdacontent 182 $cc$2rdamedia 183 $acr$2rdacarrier 200 10$aCorrespondance et théâtre /$fJean-Marc Hovasse 210 $aRennes $cPresses universitaires de Rennes$d2018 215 $a1 online resource (314 p.) 311 $a2-7535-1787-8 330 $aGenèse d'une pièce, mise en scène, création, interprétation ? autant de sujets qui n'ont jamais été systématiquement étudiés jusque-là en lien avec les correspondances. Pourtant, tous ceux qui l'ont un tant soit peu pratiqué le savent : le théâtre est avant tout un art coopératif. Il était donc naturel que les lettres y trouvent leur compte. Après une première partie réservée à Beaumarchais, le fondateur de la Société des auteurs et compositeurs dramatiques, six articles présentent des cas particuliers d'échanges entre auteurs, coauteurs, acteurs et actrices, qui ont en commun d'avoir eu une incidence directe sur la composition d'une pièce ou sur sa représentation. Huit études montrent ensuite par l'exemple l'apport irremplaçable des lettres sur le théâtre écrites par des dramaturges, des actrices ou encore d'autres artistes, dans la connaissance et dans l'écriture de l'histoire littéraire, et plus largement de l'histoire des arts, des idées et des m?urs. Une dernière partie est consacrée aux rôles et aux fonctions des lettres dans les pièces. Gageons qu'une nouvelle branche des études épistolaires, à l'intersection des études théâtrales, naîtra de la vingtaine d'auteurs ici représentés, répartis sur trois siècles : Beaumarchais, Marmontel, Ducis, Marivaux, Hugo, Vigny, Flaubert, Bouilhet, les Goncourt, Dumas fils, Zola, Busnach, Victorien Sardou, Émile Bergerat, Catulle Mendès, Alain-Fournier, Maurice Emmanuel, Maeterlinck, Cocteau... Leurs correspondances, souvent inédites, étudiées par leurs meilleurs spécialistes, apportent déjà la preuve qu'elles ont un rôle à jouer, le premier, sur la scène comme en dehors, dans l'histoire du théâtre et de ceux qui l'ont fait. 606 $aLiterary Theory & Criticism 606 $aTheater 606 $acorrespondance 606 $athéâtre 606 $aépistolaire 606 $aauteur 610 $acorrespondance 610 $aépistolaire 610 $athéâtre 610 $aauteur 615 4$aLiterary Theory & Criticism 615 4$aTheater 615 4$acorrespondance 615 4$athéâtre 615 4$aépistolaire 615 4$aauteur 700 $aAnfray$b Clélia$01316612 701 $aBara$b Olivier$01292053 701 $aBouchardon$b Marianne$01316613 701 $aCharrier-Vozel$b Marianne$01288597 701 $aCorbier$b Christophe$01316018 701 $ade Palacio$b Marie-France$01316614 701 $aDufief$b Pierre-Jean$0176849 701 $aFilippi$b Florence$01316615 701 $aFrancalanza$b Éric$0456004 701 $aGarreau$b Bernard-Marie$01308068 701 $aHovasse$b Jean-Marc$0175164 701 $aLinarès$b Serge$01316616 701 $aMarchadier$b Aline$01306555 701 $aObitz$b Bénédicte$01316617 701 $aPalacio$b Jean de$0301078 701 $aRobert$b Joëlle$01316618 701 $aSabourin$b Lise$01299384 701 $aStranart$b Jeanne$01316619 701 $aStroev$b Alexandre$01277668 701 $aHovasse$b Jean-Marc$0175164 801 0$bFR-FrMaCLE 906 $aBOOK 912 $a9910320752703321 996 $aCorrespondance et théâtre$93032717 997 $aUNINA